000 00606nam a22002177a 4500
003 OSt
005 20241115115435.0
008 241115b |||||||| |||| 00| 0 eng d
020 _a9789391950132
040 _cSTCPL
041 _aHIN
082 _aH1
_bSAV-K
100 _a Singh, Savita
_qसविता सिंह
245 _aKhoyi cheezon ka shok /
_cby Savita Singh
_hखोयी चीज़ का शोक
260 _aDelhi :
_bRadhakrishna Prakashan Pvt. Ltd. ,
_c2021 .
300 _a111 p.
_bHB
650 _aHindi literature
650 _aPoem
942 _cBK
942 _2ddc
_n0
999 _c83704
_d83704